[Event "CHN Nat Games qual tt 15th"]
[Site "Huairou District"]
[Date "2025.06.12"]
[Round "5.11"]
[White "Huang, Qian"]
[Black "Xiao, Yiyi"]
[Result "1/2-1/2"]
[WhiteElo "2367"]
[BlackElo "2354"]
[PlyCount "34"]
[EventDate "2025.06.11"]
[EventType "team-swiss (rapid)"]
[EventRounds "7"]
[EventCountry "CHN"]
[SourceTitle "CB25_2025"]
[SourceDate "2025.06.18"]
[SourceVersion "1"]
[SourceVersionDate "2025.06.18"]
[SourceQuality "1"]
[WhiteTeam "Chongqing City"]
[BlackTeam "Tianjin City"]
[WhiteTeamCountry "CHN"]
[BlackTeamCountry "CHN"]

1. d4 d5 2. Nf3 Nf6 3. c4 e6 4. Nc3 Be7 5. Bg5 0-0 6. e3 b6 7. Be2 Bb7 8. 0-0 Nbd7 9. Rc1 dxc4 10. Bxc4 c5 11. dxc5 Nxc5 12. Qxd8 Rfxd8 13. Rfd1 h6 14. Bh4 Rac8 15. Rxd8+ Rxd8 16. Rd1 Rxd1+ 17. Nxd1 Kf8 1/2-1/2

[Event "CHN Nat Games qual tt 15th"]
[Site "Huairou District"]
[Date "2025.06.12"]
[Round "4.15"]
[White "Xiao, Yiyi"]
[Black "Ni, Shiqun"]
[Result "1-0"]
[WhiteElo "2354"]
[BlackElo "2342"]
[PlyCount "105"]
[EventDate "2025.06.11"]
[EventType "team-swiss (rapid)"]
[EventRounds "7"]
[EventCountry "CHN"]
[SourceTitle "CB25_2025"]
[SourceDate "2025.06.18"]
[SourceVersion "1"]
[SourceVersionDate "2025.06.18"]
[SourceQuality "1"]
[WhiteTeam "Tianjin City"]
[BlackTeam "Shanghai City"]
[WhiteTeamCountry "CHN"]
[BlackTeamCountry "CHN"]

1. e4 e5 2. Bc4 Nf6 3. d3 c6 4. Bb3 d5 5. Nf3 Bb4+ 6. Bd2 Bxd2+ 7. Nbxd2 a5 8. c3 Bg4 9. h3 Bxf3 10. Qxf3 a4 11. Bc2 0-0 12. 0-0 Qd6 13. Rad1 Nbd7 14. a3 Rfe8 15. Rfe1 g6 16. Nf1 d4 17. cxd4 Qxd4 18. Rb1 Kg7 19. Ng3 Nc5 20. Ne2 Qd6 21. Rbd1 Ne6 22. Qe3 Red8 23. Bb1 Nd4 24. Ng3 h6 25. Rf1 Re8 26. Ba2 Rad8 27. f4 Re7 28. fxe5 Qxe5 29. Qf2 Rd6 30. Rd2 h5 31. Qe1 Nb3 32. Bxb3 axb3 33. Ne2 Qg5 34. Nc3 c5 35. Rdf2 Nd7 36. Qd1 Ne5 37. Nd5 Red7 38. Qxb3 Qg3 39. Qc3 Kh6 40. Kh1 b6 41. Qc1+ Kg7 42. Qc3 Kh6 43. Qd2+ Kg7 44. d4 cxd4 45. Qxd4 Kh6 46. Qb4 Nd3 47. Qd2+ Kg7 48. Rf3 Qe5 49. Qxd3 Qxb2 50. Qc3+ Qxc3 51. Rxc3 Re6 52. Rb3 Rxe4 53. Nf6 1-0

[Event "CHN Nat Games qual tt 15th"]
[Site "Huairou District"]
[Date "2025.06.11"]
[Round "2.15"]
[White "Shen, Yang"]
[Black "Xiao, Yiyi"]
[Result "1/2-1/2"]
[WhiteElo "2389"]
[BlackElo "2354"]
[PlyCount "51"]
[EventDate "2025.06.11"]
[EventType "team-swiss (rapid)"]
[EventRounds "7"]
[EventCountry "CHN"]
[SourceTitle "CB25_2025"]
[SourceDate "2025.06.18"]
[SourceVersion "1"]
[SourceVersionDate "2025.06.18"]
[SourceQuality "1"]
[WhiteTeam "Jiangsu Province"]
[BlackTeam "Tianjin City"]
[WhiteTeamCountry "CHN"]
[BlackTeamCountry "CHN"]

1. d4 d5 2. Nf3 Nf6 3. c4 e6 4. Nc3 Be7 5. cxd5 exd5 6. Bf4 c6 7. h3 Bf5 8. g4 Bg6 9. e3 Qb6 10. Qb3 Nbd7 11. Be2 h6 12. Bg3 0-0 13. 0-0 Rfe8 14. Rfc1 Qxb3 15. axb3 a6 16. Nh4 Bh7 17. Nf5 Bxf5 18. gxf5 Bf8 19. Bd3 Rad8 20. Kg2 Ne4 21. Bc7 Rc8 22. Bf4 Ndf6 23. Be5 Nd7 24. Bf4 Ndf6 25. Be5 Nd7 26. Bf4 1/2-1/2

[Event "CHN-chT (Women)"]
[Site "Hebei"]
[Date "2025.04.30"]
[Round "6.10"]
[White "Xiao, Yiyi"]
[Black "Liu, Manli"]
[Result "1-0"]
[WhiteElo "2353"]
[BlackElo "2048"]
[PlyCount "61"]
[EventDate "2025.04.25"]
[EventType "team-swiss"]
[EventRounds "9"]
[EventCountry "CHN"]
[SourceTitle "CB20_2025"]
[SourceDate "2025.05.14"]
[SourceVersion "1"]
[SourceVersionDate "2025.05.14"]
[SourceQuality "1"]
[WhiteTeam "Tianjin (W)"]
[BlackTeam "Guangdong (W)"]
[WhiteTeamCountry "CHN"]
[BlackTeamCountry "CHN"]

1. e4 e6 2. d4 d5 3. Nc3 Nf6 4. Bg5 dxe4 5. Nxe4 Nbd7 6. Nf3 h6 7. Nxf6+ Nxf6 8. Be3 Ng4 9. Qd2 Nxe3 10. fxe3 Bd6 11. e4 b6 12. e5 Be7 13. Qf4 Bb7 14. Bb5+ c6 15. Bd3 a6 16. Be4 Rb8 17. 0-0 0-0 18. c4 Qc7 19. Qg4 Rbe8 20. Rae1 a5 21. Kh1 Qb8 22. Bc2 c5 23. d5 exd5 24. e6 f5 25. Bxf5 Rxf5 26. Qxf5 Rf8 27. Qh5 dxc4 28. Ne5 Qd8 29. Rxf8+ Qxf8 30. Qf7+ Kh7 31. Ng6 1-0

[Event "CHN-chT (Women)"]
[Site "Hebei"]
[Date "2025.04.28"]
[Round "4.1"]
[White "Ni, Shiqun"]
[Black "Xiao, Yiyi"]
[Result "1/2-1/2"]
[WhiteElo "2360"]
[BlackElo "2353"]
[PlyCount "56"]
[EventDate "2025.04.25"]
[EventType "team-swiss"]
[EventRounds "9"]
[EventCountry "CHN"]
[SourceTitle "CB20_2025"]
[SourceDate "2025.05.14"]
[SourceVersion "1"]
[SourceVersionDate "2025.05.14"]
[SourceQuality "1"]
[WhiteTeam "Shanghai (W)"]
[BlackTeam "Tianjin (W)"]
[WhiteTeamCountry "CHN"]
[BlackTeamCountry "CHN"]

1. e4 e5 2. Nf3 Nc6 3. Nc3 Nf6 4. d4 exd4 5. Nxd4 Bb4 6. Nxc6 bxc6 7. Bd3 0-0 8. 0-0 d5 9. exd5 cxd5 10. Bg5 c6 11. Qf3 Bd6 12. h3 Rb8 13. b3 h6 14. Bxf6 Qxf6 15. Qxf6 gxf6 16. Ne2 c5 17. Ng3 Be6 18. Nf5 Bxf5 19. Bxf5 a5 20. Rad1 Rfd8 21. Rfe1 Be5 22. Re3 c4 23. Kf1 Kf8 24. g3 Bb2 25. Rf3 Be5 26. Re3 Bb2 27. Rf3 Be5 28. Re3 Bb2 1/2-1/2

[Event "CHN-chT (Women)"]
[Site "Hebei"]
[Date "2025.04.27"]
[Round "3.1"]
[White "Xiao, Yiyi"]
[Black "Ding, Yixin"]
[Result "1-0"]
[WhiteElo "2353"]
[BlackElo "2397"]
[PlyCount "99"]
[EventDate "2025.04.25"]
[EventType "team-swiss"]
[EventRounds "9"]
[EventCountry "CHN"]
[SourceTitle "CB20_2025"]
[SourceDate "2025.05.14"]
[SourceVersion "1"]
[SourceVersionDate "2025.05.14"]
[SourceQuality "1"]
[WhiteTeam "Tianjin (W)"]
[BlackTeam "Zhejiang (W)"]
[WhiteTeamCountry "CHN"]
[BlackTeamCountry "CHN"]

1. e4 c5 2. Nf3 e6 3. Nc3 Nc6 4. h3 Nf6 5. e5 Nd5 6. Bb5 Be7 7. 0-0 0-0 8. Re1 a6 9. Bxc6 Nxc3 10. dxc3 dxc6 11. Qe2 b5 12. c4 bxc4 13. Qxc4 a5 14. Qg4 Kh8 15. Bg5 f6 16. Rad1 Qe8 17. Bd2 f5 18. Qc4 Qg6 19. Be3 Ba6 20. Qc3 c4 21. Qxa5 Rfb8 22. Qc7 Qe8 23. Qd7 Rxb2 24. Qxe6 Bc8 25. Qxc4 Rbxa2 26. Bg5 R2a4 27. Qd3 Ra3 28. c3 Be6 29. Bxe7 Qxe7 30. Qd6 Qe8 31. Nd4 Bd5 32. Nxf5 Rxc3 33. Qc7 Qg6 34. Rxd5 cxd5 35. Qxc3 Qxf5 36. Qc6 Rf8 37. f3 Qd3 38. Qd6 Ra8 39. e6 Qd2 40. Qe5 h6 41. e7 Re8 42. Kh2 Qb4 43. Re2 Qc5 44. f4 Qc6 45. Rb2 Qc8 46. f5 Kh7 47. Rb6 Qd7 48. Re6 d4 49. f6 gxf6 50. Qf5+ 1-0

[Event "Shenzhen Nanshan (Women)"]
[Site "Shenzhen"]
[Date "2024.11.16"]
[Round "1.2"]
[White "Zhao, Xue"]
[Black "Xiao, Yiyi"]
[Result "1-0"]
[WhiteElo "2426"]
[BlackElo "2243"]
[PlyCount "73"]
[EventDate "2024.11.16"]
[EventType "k.o."]
[EventRounds "3"]
[EventCountry "CHN"]
[SourceTitle "CB47_2024"]
[SourceDate "2024.11.20"]
[SourceVersion "1"]
[SourceVersionDate "2024.11.20"]
[SourceQuality "1"]

1. b3 d5 2. Bb2 Nf6 3. Nf3 Bf5 4. c4 e6 5. g3 c6 6. Bg2 h6 7. 0-0 Be7 8. d3 0-0 9. Nbd2 Nbd7 10. Rc1 a5 11. a3 Bh7 12. Rc2 Bd6 13. Qa1 Qb8 14. Rcc1 Re8 15. Rfd1 Ra6 16. Ne1 e5 17. e3 Bg6 18. Qb1 e4 19. cxd5 cxd5 20. dxe4 Be5 21. f4 Bxb2 22. Qxb2 dxe4 23. h3 h5 24. a4 b5 25. Bf1 Qa7 26. Ng2 Nd5 27. Kf2 Nb4 28. axb5 Rd6 29. Nc4 Rxd1 30. Rxd1 Nd3+ 31. Bxd3 exd3 32. Nh4 Bh7 33. Nf3 Qc5 34. Qd4 Qxb5 35. Nd6 Qxb3 36. Nxe8 Qxd1 37. Qxg7# 1-0

[Event "Shenzhen Nanshan (Women)"]
[Site "Shenzhen"]
[Date "2024.11.16"]
[Round "1.4"]
[White "Zhao, Xue"]
[Black "Xiao, Yiyi"]
[Result "0-1"]
[WhiteElo "2426"]
[BlackElo "2243"]
[PlyCount "138"]
[EventDate "2024.11.16"]
[EventType "k.o."]
[EventRounds "3"]
[EventCountry "CHN"]
[SourceTitle "CB47_2024"]
[SourceDate "2024.11.20"]
[SourceVersion "1"]
[SourceVersionDate "2024.11.20"]
[SourceQuality "1"]

1. d4 d5 2. Bf4 c5 3. e3 Nc6 4. Nc3 a6 5. Nf3 Nf6 6. Be2 e6 7. 0-0 Bd6 8. Bg3 0-0 9. dxc5 Bxc5 10. Bh4 Be7 11. Bd3 b5 12. Qe2 Nb4 13. Rfd1 Nxd3 14. cxd3 b4 15. Nb1 a5 16. Nbd2 a4 17. Ne5 Bb7 18. Rac1 Rc8 19. Ndf3 Qd6 20. h3 Ba6 21. Bg3 Qb6 22. Nd4 Rfe8 23. Bh4 Rc7 24. Rxc7 Qxc7 25. Nec6 Bf8 26. Rc1 e5 27. Bg3 Ne4 28. Bh2 f6 29. Qd1 Nc5 30. Nxb4 Qb6 31. Nxa6 Qxa6 32. Ne2 Qxd3 33. Qxd3 Nxd3 34. Rd1 Nxb2 35. Rxd5 a3 36. g4 Rc8 37. Ng3 Rc2 38. g5 Nc4 39. gxf6 gxf6 40. Rd7 Nb6 41. Rb7 Nd5 42. Nh5 Rxa2 43. e4 Rb2 44. Ra7 Bc5 45. Ra8+ Kf7 46. exd5 Rxf2 47. Kh1 a2 48. Bg1 Rf1 49. Rxa2 Rxg1+ 50. Kh2 Rd1 51. Ra6 Rd2+ 52. Kg3 Be7 53. d6 Rxd6 54. Rxd6 Bxd6 55. Kg4 Kg6 56. Ng3 f5+ 57. Kf3 h5 58. Ne2 e4+ 59. Ke3 Kg5 60. Kd4 Bc7 61. Nc3 Bb6+ 62. Ke5 Bc7+ 63. Kd4 Bh2 64. Nxe4+ fxe4 65. Kxe4 Kh4 66. Kf3 Kxh3 67. Kf2 h4 68. Kf1 Kg3 69. Ke2 Kg2 0-1

[Event "CHN-ch Blitz (Women)"]
[Site "Hohhot"]
[Date "2024.11.14"]
[Round "9"]
[White "Xiao, Yiyi"]
[Black "Wang, Chuqiao"]
[Result "0-1"]
[WhiteElo "2226"]
[BlackElo "2185"]
[PlyCount "122"]
[EventDate "2024.11.13"]
[EventType "swiss (blitz)"]
[EventRounds "9"]
[EventCountry "CHN"]
[SourceTitle "CB49_2024"]
[SourceDate "2024.12.04"]
[SourceVersion "1"]
[SourceVersionDate "2024.12.04"]
[SourceQuality "1"]

1. Nf3 d5 2. g3 c6 3. Bg2 Bg4 4. c4 e6 5. 0-0 Nf6 6. Ne5 Bf5 7. d3 Nbd7 8. Bf4 Nxe5 9. Bxe5 Bd6 10. Bc3 Bg6 11. Nd2 0-0 12. cxd5 cxd5 13. e4 dxe4 14. dxe4 Bc5 15. Qe2 Qe7 16. Nb3 Bb6 17. a4 a6 18. Kh1 e5 19. Nd2 Rac8 20. Nc4 Bd4 21. Bxd4 exd4 22. f3 Rfd8 23. Rfd1 Qb4 24. Rac1 b5 25. axb5 axb5 26. Ne5 Rxc1 27. Rxc1 Qb3 28. Nd3 h5 29. Kg1 Re8 30. Qc2 Qa2 31. Qc5 Qb3 32. Qxd4 Qe6 33. Nf4 Qe7 34. Nxg6 fxg6 35. Bf1 b4 36. e5 Qxe5 37. Qxe5 Rxe5 38. Rc8+ Kh7 39. Rb8 Re3 40. Rxb4 Rxf3 41. Rd4 Rb3 42. Rd2 Ne4 43. Rc2 Nd6 44. Kf2 g5 45. Be2 h4 46. Bf3 Nb5 47. Bd5 Rb4 48. b3 Nd6 49. Re2 Kh6 50. Kg2 Nf5 51. Re6+ g6 52. Re2 hxg3 53. hxg3 Rg4 54. Bf3 Rxg3+ 55. Kf2 g4 56. Be4 Rxb3 57. Ra2 Kg5 58. Ra5 Kf4 59. Bd5 Rb2+ 60. Ke1 g3 61. Ra4+ Kg5 0-1

[Event "CHN-ch Blitz (Women)"]
[Site "Hohhot"]
[Date "2024.11.13"]
[Round "4"]
[White "Bai, Xue"]
[Black "Xiao, Yiyi"]
[Result "1-0"]
[WhiteElo "2002"]
[BlackElo "2226"]
[PlyCount "107"]
[EventDate "2024.11.13"]
[EventType "swiss (blitz)"]
[EventRounds "9"]
[EventCountry "CHN"]
[SourceTitle "CB49_2024"]
[SourceDate "2024.12.04"]
[SourceVersion "1"]
[SourceVersionDate "2024.12.04"]
[SourceQuality "1"]

1. e4 d6 2. d4 Nf6 3. Bd3 e5 4. d5 c6 5. c4 g6 6. Nc3 Bg7 7. Nge2 0-0 8. f3 a6 9. Be3 cxd5 10. cxd5 Nbd7 11. Qd2 b5 12. b4 Nb6 13. a4 Nc4 14. Bxc4 bxc4 15. 0-0 Nh5 16. Ng3 Nxg3 17. hxg3 f5 18. b5 f4 19. gxf4 exf4 20. Bd4 Qe7 21. Kf2 Bd7 22. b6 Qh4+ 23. Ke2 Qg5 24. Bxg7 Kxg7 25. Qd4+ Kg8 26. Rf2 a5 27. Rb1 Rab8 28. Nb5 Bxb5 29. Rxb5 Rfc8 30. b7 Rc7 31. Qa7 Qd8 32. Qxa5 c3 33. Kd3 Qd7 34. Rc2 Rcxb7 35. Rxb7 Qxb7 36. Qxc3 Qb1 37. Kd2 Qg1 38. Kd3 Qf1+ 39. Kd2 Qxg2+ 40. Kc1 Qf1+ 41. Kd2 Qf2+ 42. Kc1 Qf1+ 43. Kd2 Qg2+ 44. Kd1 Rb1+ 45. Rc1 Qf1+ 46. Kd2 Qf2+ 47. Kd1 Qf1+ 48. Kd2 Rxc1 49. Qxc1 Qf2+ 50. Kd3 Qxf3+ 51. Kd4 Qe3+ 52. Qxe3 fxe3 53. Kxe3 Kf7 54. a5 1-0

[Event "CHN-ch Rapid (Women)"]
[Site "Hohhot"]
[Date "2024.11.13"]
[Round "6"]
[White "Xiao, Yiyi"]
[Black "Ni, Shiqun"]
[Result "0-1"]
[WhiteElo "2243"]
[BlackElo "2343"]
[PlyCount "114"]
[EventDate "2024.11.12"]
[EventType "swiss (rapid)"]
[EventRounds "9"]
[EventCountry "CHN"]
[SourceTitle "CB49_2024"]
[SourceDate "2024.12.04"]
[SourceVersion "1"]
[SourceVersionDate "2024.12.04"]
[SourceQuality "1"]

1. Nf3 d5 2. g3 g6 3. Bg2 Bg7 4. 0-0 Nf6 5. d3 0-0 6. Nbd2 c5 7. c3 Nc6 8. e4 dxe4 9. dxe4 Qc7 10. Qc2 b6 11. Re1 Rd8 12. Nc4 Be6 13. Bf4 Qc8 14. Nce5 Nxe5 15. Bxe5 Bh3 16. a4 Bxg2 17. Kxg2 Qc6 18. Bf4 h6 19. Nd2 g5 20. Be3 Rd7 21. f3 g4 22. f4 Rad8 23. Rad1 Rd3 24. Kg1 Nxe4 25. Nc4 Rxd1 26. Rxd1 Rxd1+ 27. Qxd1 Nd6 28. Nxd6 Qxd6 29. Qxg4 Qd3 30. Bf2 e6 31. Qh4 Qb1+ 32. Kg2 Qxb2 33. Qd8+ Bf8 34. f5 exf5 35. Qd3 Bg7 36. Qd8+ Kh7 37. Qd3 Qxc3 38. Qxf5+ Kg8 39. Qc8+ Bf8 40. Qg4+ Qg7 41. Qd7 a5 42. Be3 Qg6 43. Bf4 Qe4+ 44. Kh3 c4 45. Qc7 Qf5+ 46. Kg2 Qc5 47. Qd7 c3 48. Qg4+ Bg7 49. Qd1 Qc6+ 50. Kh3 Qe6+ 51. Kg2 Qe4+ 52. Kh3 c2 53. Qd8+ Kh7 54. Qc7 Qf5+ 55. Kg2 Qc5 56. Qxc5 bxc5 57. Bc1 h5 0-1

[Event "CHN-ch Rapid (Women)"]
[Site "Hohhot"]
[Date "2024.11.12"]
[Round "4"]
[White "Li, Xueyi"]
[Black "Xiao, Yiyi"]
[Result "0-1"]
[WhiteElo "2204"]
[BlackElo "2243"]
[PlyCount "94"]
[EventDate "2024.11.12"]
[EventType "swiss (rapid)"]
[EventRounds "9"]
[EventCountry "CHN"]
[SourceTitle "CB49_2024"]
[SourceDate "2024.12.04"]
[SourceVersion "1"]
[SourceVersionDate "2024.12.04"]
[SourceQuality "1"]

1. d4 Nf6 2. c4 g6 3. g3 Bg7 4. Bg2 0-0 5. Nc3 Nc6 6. e3 d6 7. Nge2 e5 8. d5 Ne7 9. 0-0 a5 10. b3 Nd7 11. e4 Nc5 12. Be3 b6 13. Qd2 f5 14. exf5 Nxf5 15. Bg5 Qe8 16. Rae1 Qf7 17. Be3 Nxe3 18. Qxe3 Bf5 19. Nb5 Rae8 20. Rd1 e4 21. Ned4 Bg4 22. Rb1 Nd3 23. h3 Bf5 24. Ne6 Bxe6 25. dxe6 Rxe6 26. Bxe4 Nxf2 27. Bd5 Rxe3 28. Bxf7+ Rxf7 29. Rxf2 Rxg3+ 30. Kf1 Rxf2+ 31. Kxf2 Rxh3 32. Nxc7 Rh2+ 33. Kf3 Rxa2 34. Nd5 Bd4 35. Ke4 Bc5 36. Rf1 Kg7 37. Nc7 Re2+ 38. Kd5 Re5+ 39. Kc6 h5 40. Kd7 h4 41. Ne6+ Kh6 42. Rf8 g5 43. Rh8+ Kg6 44. Rg8+ Kh5 45. Ng7+ Kg4 46. Ne8 h3 47. Rh8 Kg3 0-1

[Event "CHN-ch Rapid (Women)"]
[Site "Hohhot"]
[Date "2024.11.12"]
[Round "1"]
[White "Xiao, Yiyi"]
[Black "Hong, Xing"]
[Result "1-0"]
[WhiteElo "2243"]
[BlackElo "2003"]
[PlyCount "39"]
[EventDate "2024.11.12"]
[EventType "swiss (rapid)"]
[EventRounds "9"]
[EventCountry "CHN"]
[SourceTitle "CB49_2024"]
[SourceDate "2024.12.04"]
[SourceVersion "1"]
[SourceVersionDate "2024.12.04"]
[SourceQuality "1"]

1. d4 Nf6 2. Bg5 d5 3. e3 e6 4. Nf3 Be7 5. Bd3 h6 6. Bh4 0-0 7. Nbd2 Nbd7 8. 0-0 b6 9. c3 c5 10. a4 Ne8 11. Bg3 Bd6 12. Ne5 Qc7 13. f4 f6 14. Ng6 Rf7 15. e4 dxe4 16. Nxe4 Nf8 17. Nxd6 Qxd6 18. f5 Qd5 19. Qe2 Bb7 20. Bc4 1-0

[Event "CHN-ch Rapid (Women)"]
[Site "Hohhot"]
[Date "2024.11.12"]
[Round "3"]
[White "Xiao, Yiyi"]
[Black "Yan, Tianqi"]
[Result "1/2-1/2"]
[WhiteElo "2243"]
[BlackElo "2232"]
[PlyCount "75"]
[EventDate "2024.11.12"]
[EventType "swiss (rapid)"]
[EventRounds "9"]
[EventCountry "CHN"]
[SourceTitle "CB49_2024"]
[SourceDate "2024.12.04"]
[SourceVersion "1"]
[SourceVersionDate "2024.12.04"]
[SourceQuality "1"]

1. d4 Nf6 2. c4 e6 3. g3 c5 4. Nf3 cxd4 5. Nxd4 Qb6 6. Nc3 Bc5 7. e3 Bxd4 8. exd4 d5 9. c5 Qd8 10. Bf4 0-0 11. Bg2 Nc6 12. 0-0 b6 13. Bd6 Re8 14. Re1 Bd7 15. a3 Na5 16. b4 Nc4 17. Bf4 bxc5 18. dxc5 h6 19. Bf1 e5 20. Nxd5 exf4 21. Nxf6+ Qxf6 22. Bxc4 Rxe1+ 23. Qxe1 Re8 24. Qd1 Bg4 25. Qc1 fxg3 26. hxg3 Bf3 27. Rb1 Re5 28. Bf1 Rh5 29. Bg2 Bxg2 30. Kxg2 Qc6+ 31. f3 Qe6 32. Qe1 Qa2+ 33. Kg1 Qh2+ 34. Kf1 Qh1+ 35. Kf2 Qh2+ 36. Kf1 Qh3+ 37. Kf2 Qh2+ 38. Kf1 1/2-1/2

[Event "Belt and Road Shaoxing 6th"]
[Site "Shaoxing"]
[Date "2024.07.24"]
[Round "1"]
[White "Xiao, Yiyi"]
[Black "Bai, Xue"]
[Result "1/2-1/2"]
[WhiteElo "2338"]
[BlackElo "2114"]
[PlyCount "100"]
[EventDate "2024.07.24"]
[EventType "swiss"]
[EventRounds "9"]
[EventCountry "CHN"]
[SourceTitle "CBM 221 Extra"]
[Source "ChessBase"]
[SourceDate "2024.09.30"]
[SourceVersion "1"]
[SourceVersionDate "2024.09.30"]
[SourceQuality "1"]

1. Nf3 d5 2. e3 Nf6 3. d4 e6 4. Bd3 Be7 5. 0-0 b6 6. b3 Bb7 7. Bb2 Nbd7 8. Nbd2 0-0 9. Qe2 Ne4 10. c4 Re8 11. Rfd1 Bd6 12. Ne5 f6 13. Nxd7 Qxd7 14. Rac1 Qe7 15. Bxe4 dxe4 16. c5 bxc5 17. Qb5 c6 18. Qc4 cxd4 19. Nxe4 c5 20. Nxd6 Qxd6 21. exd4 cxd4 22. Rxd4 Bd5 23. Qc2 e5 24. Ra4 Qe6 25. Qd3 Red8 26. Qe3 Rd7 27. f3 Kf7 28. h3 Qb6 29. Kf2 Qe6 30. Ba3 h5 31. Ra5 Qb6 32. Ra4 Qe6 33. Rc2 a6 34. Bb4 Qf5 35. Rd2 e4 36. Ra5 exf3 37. Qxf3 Bxf3 38. Rxf5 Rxd2+ 39. Bxd2 Be4 40. Rc5 Rd8 41. Bb4 Bb1 42. a3 Ba2 43. Rc6 Bxb3 44. Rxa6 Rc8 45. Ra7+ Kg6 46. g3 Rc2+ 47. Ke3 h4 48. gxh4 Rh2 49. h5+ Kf5 50. Rxg7 Rxh3+ 1/2-1/2

[Event "CHN-chT Div-A"]
[Site "Fuling"]
[Date "2024.07.07"]
[Round "10.4"]
[White "Xiao, Yiyi"]
[Black "Li, Ruofan"]
[Result "1/2-1/2"]
[WhiteElo "2338"]
[BlackElo "2321"]
[PlyCount "60"]
[EventDate "2024.06.26"]
[EventType "team-swiss"]
[EventRounds "11"]
[EventCountry "CHN"]
[SourceTitle "CBM 221 Extra"]
[Source "ChessBase"]
[SourceDate "2024.09.30"]
[SourceVersion "1"]
[SourceVersionDate "2024.09.30"]
[SourceQuality "1"]
[WhiteTeam "Tianjin"]
[BlackTeam "Beijing"]
[WhiteTeamCountry "CHN"]
[BlackTeamCountry "CHN"]

1. Nf3 d5 2. g3 Nf6 3. Bg2 c5 4. 0-0 Nc6 5. d4 e6 6. c4 dxc4 7. dxc5 Qxd1 8. Rxd1 Bxc5 9. Nbd2 c3 10. bxc3 0-0 11. Nb3 Be7 12. Nfd4 Bd7 13. Bg5 Rfd8 14. Nxc6 Bxc6 15. Bxc6 bxc6 16. Na5 Rac8 17. c4 h6 18. Bxf6 Bxf6 19. Rab1 Kf8 20. e3 Ke8 21. Kf1 Rxd1+ 22. Rxd1 Bd8 23. Nb7 Be7 24. Nd6+ Bxd6 25. Rxd6 a5 26. a4 Rb8 27. Rxc6 Rb4 28. Ra6 Rxa4 29. Ra7 Rxc4 30. Rxa5 g6 1/2-1/2

[Event "CHN-chT Div-A"]
[Site "Fuling"]
[Date "2024.07.04"]
[Round "8.4"]
[White "Guo, Qi"]
[Black "Xiao, Yiyi"]
[Result "1/2-1/2"]
[WhiteElo "2362"]
[BlackElo "2338"]
[PlyCount "66"]
[EventDate "2024.06.26"]
[EventType "team-swiss"]
[EventRounds "11"]
[EventCountry "CHN"]
[SourceTitle "CBM 221 Extra"]
[Source "ChessBase"]
[SourceDate "2024.09.30"]
[SourceVersion "1"]
[SourceVersionDate "2024.09.30"]
[SourceQuality "1"]
[WhiteTeam "Jiangshu"]
[BlackTeam "Tianjin"]
[WhiteTeamCountry "CHN"]
[BlackTeamCountry "CHN"]

1. d4 d5 2. c4 e6 3. Nc3 Nf6 4. Nf3 c5 5. e3 a6 6. cxd5 exd5 7. Be2 Nc6 8. 0-0 Bd6 9. dxc5 Bxc5 10. b3 0-0 11. Bb2 Ba7 12. Rc1 Re8 13. Rc2 Be6 14. Rd2 Qe7 15. Qb1 Rad8 16. Rfd1 Bg4 17. Nxd5 Nxd5 18. Rxd5 Rxd5 19. Rxd5 Bxe3 20. Bc4 Bf4 21. Qd3 Bh6 22. Qc3 Be6 23. Rd1 Bxc4 24. Qxc4 Qe2 25. Qxe2 Rxe2 26. Re1 Rxe1+ 27. Nxe1 f6 28. Nd3 Kf7 29. Nc5 Nd8 30. Kf1 Bf4 31. Ke2 Bd6 32. Bd4 Ne6 33. Nxe6 Kxe6 1/2-1/2

[Event "CHN-chT Div-A"]
[Site "Fuling"]
[Date "2024.07.02"]
[Round "6.4"]
[White "Huang, Qian"]
[Black "Xiao, Yiyi"]
[Result "1/2-1/2"]
[WhiteElo "2396"]
[BlackElo "2338"]
[PlyCount "61"]
[EventDate "2024.06.26"]
[EventType "team-swiss"]
[EventRounds "11"]
[EventCountry "CHN"]
[SourceTitle "CBM 221 Extra"]
[Source "ChessBase"]
[SourceDate "2024.09.30"]
[SourceVersion "1"]
[SourceVersionDate "2024.09.30"]
[SourceQuality "1"]
[WhiteTeam "Chongqing Ticai"]
[BlackTeam "Tianjin"]
[WhiteTeamCountry "CHN"]
[BlackTeamCountry "CHN"]

1. c4 e6 2. g3 d5 3. Bg2 Nf6 4. Nf3 Be7 5. 0-0 0-0 6. b3 c5 7. cxd5 Nxd5 8. d4 Nc6 9. Bb2 cxd4 10. Nxd4 Bd7 11. Na3 Bf6 12. Qd2 Nxd4 13. Bxd4 Bc6 14. Rfd1 Qe7 15. Nc4 Rfd8 16. Na5 Bxd4 17. Qxd4 Be8 18. Qe5 Rac8 19. Rxd5 Rxd5 20. Bxd5 Rc5 21. Nc4 Rxd5 22. Qb8 b6 23. Rc1 Qd8 24. Qxd8 Rxd8 25. f3 Kf8 26. Kf2 Ke7 27. Ke3 Bb5 28. a4 Bxc4 29. Rxc4 Rd7 30. Rc8 f6 31. h4 1/2-1/2

[Event "CHN-chT Div-A"]
[Site "Fuling"]
[Date "2024.07.01"]
[Round "5.4"]
[White "Xiao, Yiyi"]
[Black "Zhu, Jiner"]
[Result "0-1"]
[WhiteElo "2338"]
[BlackElo "2476"]
[PlyCount "180"]
[EventDate "2024.06.26"]
[EventType "team-swiss"]
[EventRounds "11"]
[EventCountry "CHN"]
[SourceTitle "CBM 221 Extra"]
[Source "ChessBase"]
[SourceDate "2024.09.30"]
[SourceVersion "1"]
[SourceVersionDate "2024.09.30"]
[SourceQuality "1"]
[WhiteTeam "Tianjin"]
[BlackTeam "Zhejiang"]
[WhiteTeamCountry "CHN"]
[BlackTeamCountry "CHN"]

1. Nf3 Nf6 2. g3 d5 3. Bg2 e6 4. d4 b5 5. a4 b4 6. c4 bxc3 7. Nxc3 Be7 8. 0-0 0-0 9. Ne5 a5 10. e4 c6 11. Re1 Ba6 12. Be3 Nfd7 13. Nd3 Bxd3 14. Qxd3 Na6 15. Qe2 Qb6 16. Rac1 Bb4 17. e5 c5 18. Qg4 Rfd8 19. Bh6 g6 20. dxc5 Bxc5 21. Re2 Qb4 22. Bf4 Nf8 23. Qf3 Rac8 24. Rec2 Qb8 25. Nb5 Be7 26. Bf1 Rxc2 27. Rxc2 Nb4 28. Rc7 Rd7 29. Rc1 g5 30. Be3 Qxe5 31. Bd4 Qe4 32. Qh5 Qg6 33. Qf3 g4 34. Qd1 f6 35. Rc8 Rd8 36. Rc7 Rd7 37. Qc1 Qe8 38. Rc8 Rd8 39. Rc7 Rd7 40. Qf4 Rxc7 41. Qxg4+ Kh8 42. Nxc7 Qd7 43. Na6 Nc6 44. Bb5 Qb7 45. Bc5 Ne5 46. Qe2 Bxc5 47. Nxc5 Qe7 48. Nd3 Nfg6 49. f4 Nxd3 50. Bxd3 Nf8 51. Kg2 e5 52. fxe5 fxe5 53. Bf5 e4 54. b3 Qe5 55. g4 Ng6 56. Bxg6 hxg6 57. Qe3 Kg7 58. Qa7+ Kh6 59. Qe3+ Qg5 60. Qh3+ Kg7 61. Qc3+ Qf6 62. Qc7+ Kh6 63. Qc1+ Qg5 64. Qd1 Kh7 65. h3 Qe5 66. Qe1 d4 67. Qh4+ Kg7 68. Qd8 Qf6 69. Qxa5 e3 70. Qc7+ Kh6 71. Qg3 Qe7 72. g5+ Kg7 73. Qf4 d3 74. Kf3 e2 75. Qf6+ Qxf6+ 76. gxf6+ Kxf6 77. Kf2 Ke5 78. a5 Kd4 79. a6 Kc3 80. a7 Kd2 81. a8Q e1Q+ 82. Kg2 Qe2+ 83. Kg3 Qe3+ 84. Kg4 Qe6+ 85. Kg5 Ke3 86. Qg2 d2 87. Qg1+ Ke2 88. Qg2+ Kd3 89. Qf1+ Kc2 90. Qg2 Kc1 0-1